Statistics for Provinces (Voivodeships) of Poland (With a Map)

Click here to take the quiz!

General Stats

  • This quiz has been taken 8,591 times
  • The average score is 9 of 16

Answers on the Map

Answers color-coded by a green-red scale on the quiz's map according to % correct below.
 

Answer Stats

Voivodeships% Correct
Silesia
82%
Pomerania
80%
Greater Poland
68%
Łódź
68%
Lesser Poland
63%
West Pomerania
62%
Opole
60%
Lower Silesia
59%
Lublin
58%
Masovia
58%
Warmia-Masuria
53%
Lubusz
51%
Świętokrzyskie
49%
Podkarpackie
48%
Podlaskie
48%
Kuyavia-Pomerania
41%

Score Distribution

Percentile by Number Answered

Percent of People with Each Score

Your Score History

You have not taken this quiz